000 01477nam0a22002891 4500
001 v19\rc\1314935
005 20060512111337.7
035 _a(NLR Aleph) 004470883
090 _a4561398
_c4561398
100 _a20060512f19001909|||y0rusy50 ca
101 0 _arus
102 _aRU
105 _ay z |||||
200 1 _aВременные правила о обращении взыскания на морские суда, внесенные в корабельные списки
_eПроект
210 _a[Санкт-Петербург
_d190-?]
215 _a9 с.
_d26
300 _aВ конце текста авт.: А. Гасман
309 _aБез тит. л. и обл.
311 _aОбъяснительная записка к Проекту правил об обращении взыскания на морские суда, внесенные в корабельные списки (шифры: 38/2683; 132/4615)
421 0 _11010#$arus
_12001#$aОбъяснительная записка к Проекту правил об обращении взыскания на морские суда, внесенные в корабельные списки
_1215##$a63 с.
_1899##$aNLR$j38/2683
_1899##$aNLR$j132/4615
700 1 _aГасман
_bА. Г.
_f1844-
_gАнастасий Григорьевич
801 0 _aRU
_bNLR
_gpsbo
801 1 _aRU
_bProSoft-M
_2rusmarc
852 _aNLR
_j38/41301
852 _aNLR
_j132/4615
942 _cBOOK
980 _aNB